Normal view
MARC view
Entry Topical Term
001 - CONTROL NUMBER
- control field: 53784
003 - CONTROL NUMBER IDENTIFIER
- control field: dpl
005 - DATE AND TIME OF LATEST TRANSACTION
- control field: 20121126121108.0
008 - FIXED-LENGTH DATA ELEMENTS
- fixed length control field: 121126|||a|||||| | ||| d
040 ## - CATALOGING SOURCE
- Original cataloging agency: dpl
- Transcribing agency: dpl
150 ## - HEADING--TOPICAL TERM
- Topical term or geographic name as entry element: Organizational behavior.
670 ## - SOURCE DATA FOUND
- Source citation: Work cat.: (dpl): Kinicki, Angelo 53780, Organizational behavior :, 2012
670 ## - SOURCE DATA FOUND
- Source citation: Work cat.: (dpl): Kinicki, Angelo 53780, Organizational behavior :, 2012
